Statistics for Countries with Palindromes

Click here to take the quiz!

General Stats

  • This quiz has been taken 1,397 times
  • The average score is 43 of 72

Answer Stats

PalindromeCountry% Correct
KAZAKKazakhstan
90%
AZAKazakhstan
90%
OROMorocco
88%
OCCOMorocco
88%
URUUruguay
87%
UGUUruguay
87%
ADACanada
81%
ANACanada
81%
OGOTogo
80%
IJIFiji
79%
ILIPhilippines
78%
IPPIPhilippines
78%
ANAPanama
73%
AMAPanama
73%
PAPPapua New Guinea
73%
ARAParaguay
73%
OSOKosovo
72%
OVOKosovo
72%
APAJapan
69%
TATUnited States
69%
NINBenin
68%
OLOColombia
67%
IRIKiribati
67%
EDESweden
67%
OMOComoros
66%
OROComoros
66%
ECEGreece
65%
AMABahamas
64%
AHABahamas
64%
ENEVenezuela
64%
INIDominican Republic
60%
DADTrinidad and Tobago
60%
INITrinidad and Tobago
60%
ALAGuatemala
58%
ADAMadagascar
58%
AGAMadagascar
58%
ALAMalaysia
58%
ARASaudi Arabia
58%
ELLESeychelles
58%
ENESenegal
57%
ITIHaiti
56%
ARAUnited Arab Emirates
56%
ANAGhana
55%
EMEYemen
54%
INIDominica
53%
ADAGrenada
53%
ANAGuyana
53%
ARANicaragua
53%
OMOSolomon Islands
53%
OLOSolomon Islands
53%
IVIBolivia
52%
URUNauru
52%
A_AAntigua and Barbuda
51%
NONLebanon
50%
ALAPalau
50%
URUBurundi
49%
ALAMalawi
49%
IBINamibia
48%
AMAJamaica
47%
BABZimbabwe
47%
INIEswatini
46%
ATAQatar
46%
IKITajikistan
46%
ANABotswana
42%
EDEFederated States of
Micronesia
41%
TATFederated States of
Micronesia
41%
ITIMauritius
41%
A_ABosnia and
Herzegovina
40%
ISITunisia
39%
ALANew Zealand
38%
ENEMontenegro
30%
T_TEast Timor
27%

Score Distribution

Percentile by Number Answered

Percent of People with Each Score

Your Score History

You have not taken this quiz